Дело о разных распоряжениях по просушке нового здания цирка и о покупке фонарей для него

Доступно только в Электронных читальных залах Найти на картеНа карте
RUSMARC
00004421nmc2a22000003x 450
00149fea480-8847-4d0c-b521-aa94e5722b8b
00520181226135157.0
100##$a20170704l18481849k l0rusy0189 ca
1010#$arus
102##$aRU
2001#$aДело о разных распоряжениях по просушке нового здания цирка и о покупке фонарей для него
$j26 ноября 1848 г. - 9 марта 1849 г.
251##$cДело
300##$aПо Санкт-Петербургской дирекции за 1848 год
300##$aОриг. заголовок дела: Дело по предписанию господина директора об отпуске для просушки здания нового цирка дров из заготовленных для него тысячи сажен, о постановке железных печей, о покупке фонарей и о найме печников с принятием всех их расходов на счёт Дирекции. 26 ноября 1848 г. - 9 марта 1849 г
801#0$aRU
$bРГИА
$c20170704
$gRCR
801#1$aRU
$bГлавНИВЦ
$c20170704
$2rusmarc
801#2$aRU
$bПБ им. Б.Н. Ельцина
$c20181226
$gRCR
$2rusmarc
850##$aРГИА
852##$aРГИА
$eФедеральное казенное учреждение "Российский государственный исторический архив" (РГИА)
$j11866
937##$hРГИА
$d12247519
$aASBIBLIO_SCAN
462#0$1001dd3991dc-24e1-42ec-8838-ca4255420416
$12001
$aДирекция императорских театров (1746-1850 гг.)
$1251
$cОпись
$1852
$j1
461#0$10019264ebf8-de62-4f1a-9eb4-9f22098dbbd5
$12001
$aДирекция императорских театров Министерства императорского двора
$1251
$cФонд
$1852
$j497
215##$a17 л.
$d36,5х26 см
371##$aДокумент не является опубликованным и широко распространяемым
105##$ay###
1222#$ad
5171#$aДело по предписанию господина директора об отпуске для просушки здания нового цирка дров из заготовленных для него тысячи сажен, о постановке железных печей, о покупке фонарей и о найме печников с принятием всех их расходов на счёт Дирекции. 26 ноября 1848 г. - 9 марта 1849 г
035##$a49fea480-8847-4d0c-b521-aa94e5722b8b
856##$uhttp://readingroom.main.prlib.ru/item.aspx?id_node=n122438517&mode=full
Формат отображения